00589nam a2200181Ia 450000500170000000800410001702000180005804100120007608200150008810000210010324501220012426000520024630000200029865000250031865000190034365000230036265000220038520260429112212.0260429s9999||||xx |||||||||||||| ||und|| a9781108471541 aEnglish a551.6bLOR aLorenz, Ralph D. 0aExploring planetary climate : ba history of scientific discovery on earth, mars, venus and titan / cRalph D. Lorenz aNew York : bCambridge University Press,c2019. axii, 320 p.; hb a Atmospheric science a Earth science a Planetary science aPlanetary climate